Statistics for Game Characters - Image to Game

Click here to take the quiz!

General Stats

  • This quiz has been taken 25 times
    (21 since last reset)
  • The average score is 13 of 20

Answer Stats

Answer% Correct
Among Us
100%
Pac-Man
100%
Plants vs. Zombies
100%
Sonic the Hedgehog
100%
Super Mario
94%
Tetris
94%
Kirby's Dream Land
89%
Halo
83%
Clash Royale
78%
Pokémon GO
67%
Friday Night Funkin'
61%
Cult of the Lamb
56%
Geometry Dash
50%
Brawl Stars
44%
Skibidi Toilet
44%
The Battle Cats
44%
Hogwarts Legacy
22%
Alien: Isolation
11%
Hero Wars
11%
Marvel: Future Fight
11%

Score Distribution

Percentile by Number Answered

Percent of People with Each Score

Your Score History

You have not taken this quiz since the last reset